Online
Catalog

Literatura dramática dominicana 1916-1924 : (Record no. 60781)

MARC details
000 -CABECERA
campo de control de longitud fija 03863nam a2200349 i 4500
003 - IDENTIFICADOR DEL NÚMERO DE CONTROL
campo de control AGNRD
005 - FECHA Y HORA DE LA ÚLTIMA TRANSACCIÓN
campo de control 20260519115942.0
007 - CAMPO FIJO DE DESCRIPCIÓN FÍSICA--INFORMACIÓN GENERAL
campo de control de longitud fija ta
008 - DATOS DE LONGITUD FIJA--INFORMACIÓN GENERAL
campo de control de longitud fija 260519e2025 dr ac||gro|||||01 |bspa ||spa|
020 ## - NÚMERO INTERNACIONAL ESTÁNDAR DEL LIBRO
Número Internacional Estándar del Libro 9789945251456.
040 ## - FUENTE DE LA CATALOGACIÓN
Centro catalogador/agencia de origen AGNRD
Lengua de catalogación spa
Centro/agencia transcriptor DO-SdBNP
Centro/agencia modificador BNPHU
Normas de descripción rda
041 ## - CÓDIGO DE LENGUA
Código de lengua del texto/banda sonora o título independiente spa
082 ## - NÚMERO DE LA CLASIFICACIÓN DECIMAL DEWEY
Número de clasificación RD 864.5
Número de edición P762l 2025
Número de documento/Ítem 22
100 1# - ENTRADA PRINCIPAL--NOMBRE DE PERSONA
Nombre de persona Polanco Díaz, Bienvenida
Término indicativo de función/relación autor
9 (RLIN) 89659
245 ## - MENCIÓN DE TÍTULO
Título Literatura dramática dominicana 1916-1924 :
Resto del título texto, representación y nacionalismo durante la ocupación militar norteamericana /
Mención de responsabilidad, etc. Bienvenida Polanco Díaz. [y otros tres].
264 ## - PRODUCCIÓN, PUBLICACIÓN, DISTRIBUCIÓN, FABRICACIÓN Y COPYRIGHT
Producción, publicación, distribución, fabricación y copyright Santo Domingo, República Dominicana :
Nombre del de productor, editor, distribuidor, fabricante Archivo General de la Nación,
Fecha de producción, publicación, distribución, fabricación o copyright 2025.
300 ## - DESCRIPCIÓN FÍSICA
Extensión 317 páginas :
Otras características físicas ilustraciones, fotografías ;
Dimensiones 23 x 15 cm.
336 ## - TIPO DE CONTENIDO
Término de tipo de contenido texto
Código de tipo de contenido txt
Fuente rdacontent
337 ## - TIPO DE MEDIO
Nombre/término del tipo de medio sin mediación
Código del tipo de medio n
Fuente rdamedia
338 ## - TIPO DE SOPORTE
Nombre/término del tipo de soporte volumen
Código del tipo de soporte nc
Fuente rdacarrier
490 ## - MENCIÓN DE SERIE
Mención de serie Archivo General de la Nación ;
Designación de volumen o secuencia volumen 557.
500 ## - NOTA GENERAL
Nota general Incluye pequeña biografía de la autora en la solapa.
504 ## - NOTA DE BIBLIOGRAFÍA, ETC.
Nota de bibliografía, etc. Incluye bibliografía.
505 0# - NOTA DE CONTENIDO CON FORMATO
Nota de contenido con formato Presentación 9 -- Investigación histórica y Estética de la Recepción 10 -- Recursos. Antecedentes. Metodología 13 -- Conceptualizaciones 17 -- El arte. Un antes y un después de Hegel 18 -- Literatura dramática y Dramaturgia 23 -- La dramaturgia dominicana: periodos y movimientos 29 -- Del Renacimiento al Barroco 29 -- Formas neoclásicas 32 -- Textos del Romanticismo 35 -- Perfiles del Realismo 38 -- Modernismo y Modernismo Tardío 42 -- Vanguardias 47 -- Pos vanguardismo 50 -- Dramaturgia siglo xxi 56 -- La literatura dramática mundial en los albores del siglo xx 69 -- El nuevo siglo xx y la dramaturgia finisecular 70 -- Dramaturgia en Hispanoamérica. 1900-1916 79 -- Dramaturgia dominicana, de 1900 a 1915 95 -- Primera etapa modernista 95 -- Dramaturgia nacional y extranjera 97 -- Autores y escenarios 102 -- Antecedentes históricos de la intervención militar de Estados Unidos 105 -- USA y las nuevas formas del nacionalismo 106 -- De Roosevelt a Wilson 112 -- Woodrow Wilson 113 -- La política de los Estados Unidos hacia Latinoamérica 115 -- 1899-1916: La economía dominicana y el caos sociopolítico 133 -- Cuestión financiera y guerras civiles. 1900-1905 135 -- Mon Cáceres asume el poder. 1906-1911 146 -- 1912-1916: Anarquía y bancarrota 150 -- Arias, Jiménes, Henríquez y un último intento de orden 162 -- Dramaturgia dominicana de 1916 a 1924 175 -- 1916: Literatura dramática y sociedad 176 -- Las temporadas de teatro de 1917 y 1918 181 -- De las compañías y los críticos 187 -- Literatura dramática y nacionalismo durante la intervención 203 -- José Narciso Solá, No más yes 203 -- Rafael Damirón, Alma criolla 205 -- Arturo Logroño Cohén, Una fiesta en el Castine 207 -- Delia Quesada, Quisqueya y la ocupación americana 209 -- Renato D’Soto, Así marcha la justicia 210 -- Ricardo Pérez Alfonseca, La inmolación 211 -- Miguel Ángel Jiménez, Orgullo de raza; El último gavillero 212 -- Orgullo de raza, 1923. Rescate de un manuscrito de teatro contestatario 221 -- El manuscrito centenario y su conservación 221 -- El texto. Intervención en un bien patrimonial 222 -- Orgullo de raza. Teatro en dos actos y tres cuadros 224 -- Textos del período 1916-1924: 257 -- Alma criolla. Rafael Damiron, 1916 261 -- Teatro Infantil. Delia Quesada, 1923 283 -- Un monólogo. Federico Llaverias, 1919 287 -- Sonámbulo. Apolinar Perdomo, 1917 293 -- Bibliografía 299
590 ## - NOTA LOCAL (RLIN)
Nota local Inventariado, 2026/WG.
650 ## - PUNTO DE ACCESO ADICIONAL DE MATERIA--TÉRMINO DE MATERIA
9 (RLIN) 81648
Término de materia o nombre geográfico como elemento de entrada Ensayos dominicanos
Subdivisión general Historia
650 ## - PUNTO DE ACCESO ADICIONAL DE MATERIA--TÉRMINO DE MATERIA
Término de materia o nombre geográfico como elemento de entrada Literatura dominicana
Subdivisión general Historia
9 (RLIN) 64316
700 ## - PUNTO DE ACCESO ADICIONAL--NOMBRE DE PERSONA
Nombre de persona Delmonte Soriano, Rafael Rolando
Término indicativo de función/relación diagramación
9 (RLIN) 99391
700 ## - PUNTO DE ACCESO ADICIONAL--NOMBRE DE PERSONA
Nombre de persona Rosa, Yenifer de la
Término indicativo de función/relación diseño de cubierta
9 (RLIN) 89660
710 ## - PUNTO DE ACCESO ADICIONAL--NOMBRE DE ENTIDAD CORPORATIVA
Nombre de entidad corporativa o nombre de jurisdicción como elemento de entrada Área de Publicaciones
Término indicativo de función/relación cuidado de la edición
9 (RLIN) 89658
942 ## - ELEMENTOS DE PUNTO DE ACCESO ADICIONAL (KOHA)
Fuente del sistema de clasificación o colocación Dewey Decimal Classification
Tipo de ítem Koha Libro
Holdings
Estado de retiro Estado de pérdida Fuente del sistema de clasificación o colocación Restricciones de uso No para préstamo Código de colección Localización permanente Ubicación/localización actual Ubicación en estantería Fecha de adquisición Total de préstamos Signatura topográfica completa Código de barras Fecha visto por última vez Precio válido a partir de Tipo de ítem Koha Número de copia
    Dewey Decimal Classification Excluido de préstamo   Patrimonio Dominicano Biblioteca Nacional Pedro Henríquez Ureña Biblioteca Nacional Pedro Henríquez Ureña En catalogación 19.05.2026   RD 864.5 P762l 2025 2026-4317 19.05.2026 19.05.2026 Libro  
    Dewey Decimal Classification Excluido de préstamo   Patrimonio Dominicano Biblioteca Nacional Pedro Henríquez Ureña Biblioteca Nacional Pedro Henríquez Ureña En catalogación 19.05.2026   RD 864.5 P762l 2025 2026-4318 19.05.2026 19.05.2026 Libro e.2
    Dewey Decimal Classification Excluido de préstamo   Patrimonio Dominicano Biblioteca Nacional Pedro Henríquez Ureña Biblioteca Nacional Pedro Henríquez Ureña En catalogación 19.05.2026   RD 864.5 P762l 2025 2026-4319 19.05.2026 19.05.2026 Libro e.3

Powered by Koha